000 00595nam a2200193Ia 4500
005 20250508163241.0
008 008 250505s9999 xx 000 0 hin d
037 _aDissertations
040 _aFEDL
_beng
_cFEDL
041 _ahin
_2eng
084 _a370.7, SRI/DI
_qFEDL
100 _aSrivastav Kusum
_9774996
245 0 _aVaranasi ke madhyamik vidyalaon mein karyerat bhasha shikshakon ki karye-santushti va mulye
260 _c1984
300 _a115p.
546 _aM.Ed. Dissertation (Varanasi University)
942 _cDIS
_h370.7, SRI/DI
999 _c1381773
_d1381773